Coping and beyond : (Record no. 31240)
[ view plain ]
| 000 -LEADER | |
|---|---|
| fixed length control field | 00954cam a2200277 a 4500 |
| 001 - CONTROL NUMBER | |
| control field | 3401657 |
| 003 - CONTROL NUMBER IDENTIFIER | |
| control field | OSt |
| 005 - DATE AND TIME OF LATEST TRANSACTION | |
| control field | 20220225144308.0 |
| 008 - FIXED-LENGTH DATA ELEMENTS--GENERAL INFORMATION | |
| fixed length control field | 930203s1990 cau b 000 0 eng d |
| 010 ## - LIBRARY OF CONGRESS CONTROL NUMBER | |
| LC control number | 89080976 |
| 020 ## - INTERNATIONAL STANDARD BOOK NUMBER | |
| International Standard Book Number | 0875166210 |
| 035 ## - SYSTEM CONTROL NUMBER | |
| System control number | (OCoLC)21597434 |
| 040 ## - CATALOGING SOURCE | |
| Original cataloging agency | CoD |
| Transcribing agency | CoD |
| Modifying agency | DLC |
| 042 ## - AUTHENTICATION CODE | |
| Authentication code | lccopycat |
| 050 00 - LIBRARY OF CONGRESS CALL NUMBER | |
| Classification number | HN25 |
| Item number | .F33 1990 |
| 100 1# - MAIN ENTRY--PERSONAL NAME | |
| Personal name | Fadali, Moneim A. |
| 245 10 - TITLE STATEMENT | |
| Title | Coping and beyond : |
| Remainder of title | being a surgeon's reflections on medicine, science, art, and a life worth living / |
| Statement of responsibility, etc. | Moneim A. Fadali. |
| 260 ## - PUBLICATION, DISTRIBUTION, ETC. (IMPRINT) | |
| Place of publication, distribution, etc. | Marina del Rey, CA : |
| Name of publisher, distributor, etc. | DeVorss, |
| Date of publication, distribution, etc. | c1990. |
| 300 ## - PHYSICAL DESCRIPTION | |
| Extent | xiv, 161 p. ; |
| Dimensions | 23 cm. |
| 504 ## - BIBLIOGRAPHY, ETC. NOTE | |
| Bibliography, etc | Includes bibliographical references. |
| 650 #0 - SUBJECT ADDED ENTRY--TOPICAL TERM | |
| Topical term or geographic name as entry element | Quality of life. |
| 650 #0 - SUBJECT ADDED ENTRY--TOPICAL TERM | |
| Topical term or geographic name as entry element | Philosophy, Modern |
| Chronological subdivision | 20th century. |
| 906 ## - LOCAL DATA ELEMENT F, LDF (RLIN) | |
| a | 7 |
| b | cbc |
| c | copycat |
| d | 4 |
| e | opcn |
| f | 19 |
| g | y-gencatlg |
| 942 ## - ADDED ENTRY ELEMENTS (KOHA) | |
| Source of classification or shelving scheme | |
| Koha item type | Hard Covered Materials |
| Classification part | HN25 .F33 1990 |
| Withdrawn status | Lost status | Source of classification or shelving scheme | Damaged status | Not for loan | Home library | Current library | Shelving location | Date acquired | Source of acquisition | Cost, normal purchase price | Total Checkouts | Full call number | Barcode | Date last seen | Price effective from | Koha item type |
|---|---|---|---|---|---|---|---|---|---|---|---|---|---|---|---|---|
| MACHAKOS UNIVERSITY LIBRARY | MACHAKOS UNIVERSITY LIBRARY | Open shelf | 25/02/2022 | Donation- Damaris Kimanzi | 2228.00 | HN25 .F33 1990 | 23719 | 25/02/2022 | 25/02/2022 | Hard Covered Materials |